| 000 | 01175nam a2200217Ia 4500 | ||
|---|---|---|---|
| 003 | Ost | ||
| 005 | 20260416102356.0 | ||
| 008 | 260416s9999||||xx |||||||||||||| ||und|| | ||
| 040 | _cfsecg | ||
| 041 | _aara | ||
| 082 | _a310 | ||
| 100 |
_aطويطو، محمد _eمؤلف |
||
| 245 | 0 |
_a الإحصاء 3 : _bمطبوعة موجهة لطلبة السنة الثانية ليسانس جميع الشعب / _c محمد طويطو |
|
| 260 |
_aالجزائر _bجامعة الجزائر3: كلية العلوم الإقتصادية، العلوم التجارية وعلوم التسيير _c2017 |
||
| 300 |
_a115 ورقة _bايضاحات _c30 سم |
||
| 504 | _aمراجع ص.112 ملاحق ص.113 | ||
| 520 | _aالاطار المفاهيمي ، المتغيرات العشوائية و التوزيعات الاحتمالية ، نظرية توزيع المعاينة و نظرية التقدير ، إختبارات الفروض و تطبيقاتها . | ||
| 653 | _aالاحصاء | ||
| 710 |
_aجامعة الجزائر3: كلية العلوم الإقتصادية، العلوم التجارية وعلوم التسيير _eناشر علمي |
||
| 942 | _cHANDOUT | ||
| 999 |
_c41209 _d41209 |
||